<?xml version="1.0" encoding="UTF-8"?>
<record
    xmlns:xsi="http://www.w3.org/2001/XMLSchema-instance"
    xsi:schemaLocation="http://www.loc.gov/MARC21/slim http://www.loc.gov/standards/marcxml/schema/MARC21slim.xsd"
    xmlns="http://www.loc.gov/MARC21/slim">

  <leader>00915nam a22002057a 4500</leader>
  <controlfield tag="005">20231109120702.0</controlfield>
  <datafield tag="010" ind1=" " ind2=" ">
    <subfield code="a">HIN-126222</subfield>
  </datafield>
  <datafield tag="020" ind1=" " ind2=" ">
    <subfield code="a">9788123796031</subfield>
    <subfield code="c">200.00</subfield>
  </datafield>
  <datafield tag="035" ind1=" " ind2=" ">
    <subfield code="a">HN-98568</subfield>
  </datafield>
  <datafield tag="037" ind1=" " ind2=" ">
    <subfield code="b">DBAD/PUB</subfield>
  </datafield>
  <datafield tag="082" ind1=" " ind2=" ">
    <subfield code="a">921</subfield>
  </datafield>
  <datafield tag="100" ind1=" " ind2=" ">
    <subfield code="a">&#x936;&#x930;&#x94D;&#x92E;&#x93E; ,&#x938;&#x924;&#x94D;&#x92F;&#x928;&#x93E;&#x930;&#x93E;&#x92F;&#x923;</subfield>
    <subfield code="9">58519</subfield>
  </datafield>
  <datafield tag="245" ind1=" " ind2=" ">
    <subfield code="a">&#x915;&#x94D;&#x930;&#x93E;&#x902;&#x924;&#x93F;&#x915;&#x93E;&#x930;&#x940; &#x926;&#x941;&#x930;&#x94D;&#x917;&#x93E; &#x92D;&#x93E;&#x92D;&#x940;/</subfield>
    <subfield code="c">&#x938;&#x924;&#x94D;&#x92F;&#x928;&#x93E;&#x930;&#x93E;&#x92F;&#x923; &#x936;&#x930;&#x94D;&#x92E;&#x93E;</subfield>
  </datafield>
  <datafield tag="260" ind1=" " ind2=" ">
    <subfield code="a"> &#x928;&#x908; &#x926;&#x93F;&#x932;&#x94D;&#x932;&#x940;</subfield>
    <subfield code="b">&#x930;&#x93E;&#x937;&#x94D;&#x91F;&#x94D;&#x930;&#x940;&#x92F; &#x92A;&#x941;&#x938;&#x94D;&#x924;&#x915; &#x928;&#x94D;&#x92F;&#x93E;&#x938;, &#x92D;&#x93E;&#x930;&#x924;</subfield>
    <subfield code="c">2021</subfield>
  </datafield>
  <datafield tag="270" ind1=" " ind2=" ">
    <subfield code="a"> &#x928;&#x947;&#x939;&#x930;&#x941; &#x92D;&#x935;&#x928; 5 &#x907;&#x902;&#x938;&#x94D;&#x91F;&#x940;&#x91F;&#x92F;&#x942;&#x936;&#x928;&#x932; &#x90F;&#x930;&#x93F;&#x92F;&#x93E;, &#x92B;&#x947;&#x91C;&#x93C;-2 &#x935;&#x938;&#x902;&#x924; &#x915;&#x941;&#x902;&#x91C; </subfield>
    <subfield code="b"> &#x928;&#x908;  &#x926;&#x93F;&#x932;&#x94D;&#x932;&#x940;</subfield>
    <subfield code="e">110070</subfield>
  </datafield>
  <datafield tag="300" ind1=" " ind2=" ">
    <subfield code="a"> 150&#x92A;&#x943;&#x937;&#x94D;&#x920;</subfield>
    <subfield code="c">22  (&#x905;&#x91C;&#x93F;&#x932;&#x94D;&#x926;) </subfield>
  </datafield>
  <datafield tag="700" ind1=" " ind2=" ">
    <subfield code="a"> </subfield>
    <subfield code="9">58119</subfield>
  </datafield>
  <datafield tag="710" ind1=" " ind2=" ">
    <subfield code="a"> </subfield>
    <subfield code="e"> </subfield>
    <subfield code="9">58117</subfield>
  </datafield>
  <datafield tag="942" ind1=" " ind2=" ">
    <subfield code="c">HN</subfield>
    <subfield code="h"> 921</subfield>
    <subfield code="2">ddc</subfield>
    <subfield code="m">&#x936;&#x930;&#x94D;&#x92E;&#x93E;&#x938;</subfield>
  </datafield>
  <datafield tag="999" ind1=" " ind2=" ">
    <subfield code="c">198922</subfield>
    <subfield code="d">198922</subfield>
  </datafield>
  <datafield tag="952" ind1=" " ind2=" ">
    <subfield code="0">0</subfield>
    <subfield code="1">0</subfield>
    <subfield code="4">0</subfield>
    <subfield code="7">0</subfield>
    <subfield code="8">NFIC</subfield>
    <subfield code="a">BN</subfield>
    <subfield code="b">BN</subfield>
    <subfield code="d">2023-11-01</subfield>
    <subfield code="e">DBAD/PUB</subfield>
    <subfield code="g">200.00</subfield>
    <subfield code="l">0</subfield>
    <subfield code="o"> 921 &#x936;&#x930;&#x94D;&#x92E;&#x93E; , &#x938;</subfield>
    <subfield code="p">HN-98568</subfield>
    <subfield code="r">2023-11-01 00:00:00</subfield>
    <subfield code="t">1</subfield>
    <subfield code="v">200.00</subfield>
    <subfield code="w">2023-11-01</subfield>
    <subfield code="y">HN</subfield>
  </datafield>
</record>
